000 02601nam a22003017a 4500
005 20160212110806.0
008 130419s1701 sp ||||fr|||||001|0|latsd
040 _cSandra Yazo (modificó)
_dSandra Yazo (modificó)
_bspa
041 0 _alat
082 0 4 _a232.91
_220
092 _aE02N127
100 1 _aSera, Francisco
_928277
242 0 0 _aLibano Mariano
_bComprende casi todos los elementos de la Naturaleza sin omitir los jeroglíficos, símbolos y sentencias sagrados y profanos ...
_cpor el M. R. P. Francisco Sera
_nTomo primero
_pQue tratan sobre montes y las aguas
_yspa
245 1 0 _aLibanus Marianus,
_bUniversam fere naturae suppellectilem complectens: non omissis sacris, et humanioribus hieroglyphicis, symbolis, & apophtegmatibus ...
_cAuthore Adm. R. P. Fr. Francisco Sera ...
_nTomus primus
_ptractans de montibus, et aquis
260 _aBarcinone [Barcelona] (España)
_bEx Typ. Raphaelis Gelabert [En la impresnta de Rafael Gelabert]
_c1701
300 _a[22], 402, [22] páginas
_c29 x 20 cm.
500 _aDetalles físicos: Sin encuadernación original, actualmente encuadernación rígida (holandesa con esquina) en cartón forrado en papel, lomo y esquineras de cuero. Lomo con tejuelo y adornos en dorado. Guardas, conserva parte guarda delantera original. Portada impresa en dos tintas. Un grabado de buena calidad de página entera. Dedicatoria. Permisos y licencias. Prólogo. Cenefas y remate. Mayúsculas capitales. Texto impreso en dos columnas, con varios tipos y tamaños de letra. Apostillas marginales impresas identificadas con letras mayúsculas. Signaturas y reclamos. Varias anotaciones manuscritas. Papel manchado, notoria en la esquina inferior derecha
505 0 _aV.1: Libro 1 – 2: María como Monte, comentarios en torno a algunos montes representativos del Antiguo y del Nuevo Testamento: Líbano, Galaad, Saron, Hermón, Ararat, Bethel, Carmelo, Gólgota, Sion, Tabor -- María como agua, fuente y río
506 _aConsulta en sala
520 _aObra alegórica sobre los textos de la Sagrada Escritura y de la tradición de la Iglesia, sobre la virgen María. Materiales que sirven de base a los predicadores
546 _aTexto en latín
600 1 4 _aVirgen María
_xDevoción
_xObras anteriores de 1800
_928278
650 7 _aSagradas escrituras
_xInterpretaciones
_xObras anteriores a 1800
_923889
650 7 _aVirgen María
_xSermones
_926301
690 _aTeología
856 4 1 _zDisponible en línea
_uhttp://books.google.com.co/books?id=ZjK3GOjXIgsC&printsec=frontcover&source=gbs_atb
942 _cLIBRO
_e1
_a4
_2LOCAL
_hE02N127
999 _c67622
_d67622